000
00304nam a2200121 a 4500
005
20140414132114.0
008
110824s19uu xx 00 eng d
050
_a
ER
_b
Sp741 2006
100
_a
Tan, Susan
245
_a
Special Kids.
260
_a
Malaysia :
_b
Penerbitan Pelangi,
_c
2006.
999
_c
114866
_d
114866